Alternatívne riešenia komplexnej obnovy základnej školy

Saved in:
Bibliographic Details
Main Author: Ulehlová, Michaela (Author)
Other Authors: Petráš, Dušan (Thesis advisor)
Format: Manuscript Book
Language:Slovak
Published: 2018
Subjects:
Online Access:http://is.stuba.sk/zp/portal_zp.pl?podrobnosti=138165
https://opac.crzp.sk/?fn=detailBiblioForm&sid=EEE57057A47611A7EA77C74E9AC3
Tags: Add Tag
No Tags, Be the first to tag this record!

MARC

LEADER 00000ntm a22000003a 4500
001 stuzp68733
003 SK-STU
005 20230720101240.3
007 ta
008 150427s2015----xo-----f-mn---000-0-slo-d
040 |a STU  |b slo 
041 0 |a slo 
100 1 |a Ulehlová, Michaela  |u 010290  |4 aut  |U SvF Stavebná fakulta  |T SvF Katedra technických zariadení budov  |X 56591  |U V290  |Y 31  |7 56591 
242 0 1 |a Alternative solution of complex renovation of basic school  |y eng 
245 1 0 |a Alternatívne riešenia komplexnej obnovy základnej školy 
260 |c 2018 
650 4 |a zdroj tepla  |2 slo 
650 4 |a biomasa  |2 slo 
650 4 |a tepelné čerpadlo  |2 slo 
650 4 |a heat pump  |2 eng 
650 4 |a heat source  |2 eng 
650 4 |a biomass  |2 eng 
700 1 |a Petráš, Dušan  |u 010290  |k Z1  |4 ths  |U SvF Stavebná fakulta  |T SvF Katedra technických zariadení budov  |X 749  |U V290  |Y 31  |7 A000000749 
856 4 |u http://is.stuba.sk/zp/portal_zp.pl?podrobnosti=138165 
856 4 |u https://opac.crzp.sk/?fn=detailBiblioForm&sid=EEE57057A47611A7EA77C74E9AC3